Name the works of these famous authors - Statistics

General Stats
  • This quiz has been taken 12 times
  • The average score is 4 of 19
Answer Stats
Authors Answer % Correct
Geoffrey Chaucer Canterbury Tales
100%
Sir Thomas More Utopia
67%
A Treatise on the Astrolabe
17%
Caedmon Caedmon's Hymn
17%
Cynewulf Christ
17%
The Venerable Bede Ecclesiastical History of the English People
17%
Elene
17%
Fates of the Apostles
17%
John Still Gammer Gurton's Needle
17%
Thomas Sackville and Thomas Norton Gorboduc
17%
Juliana
17%
Legends of Good Women
17%
Sir Thomas Malory Morte D'Arthur
17%
William Tyndale New Testament
17%
William Langland Piers the Plowman
17%
Nicholas Udall Roister Doister
17%
Speclum Meditantis
17%
Wyclif The Bible
17%
John Gower Confessio Amantis Vox Clamantis
0%
No matching quizzes found
Score Distribution
Percent of People with Each Score
Percentile by Number Answered
Your Score History
You have not taken this quiz